000 00535 a2200193 4500
001 61995
005 20260407155913.0
008 260407a1972 arg spa d
003 AR-UNSa-BCEJYS
040 _aAR-UNSa-BCEJYS
_bspa
_cAR-UNSa-BCEJYS
080 _a349.2
_xDerecho del Trabajo
245 1 0 _aManual de derecho del trabajo
264 1 _aBuenos Aires :
_bEdiciones Depalma
_c1972
300 _axv, 270 p.
_c22 cm.
041 _aspa
942 _cBK
590 _aniveau_biblio:m niveau_hierar:0
100 1 _aKrotoschin, Ernesto
999 _c7526
_d7526